| 000 | nam a22 a 4500 | ||
|---|---|---|---|
| 999 |
_c124814 _d124814 |
||
| 003 | BLK | ||
| 005 | 20230202150832.0 | ||
| 008 | 180409b bul|||||r ||||||| ||bul|| | ||
| 010 | _aKNG00130482000 | ||
| 040 | _aBLK | ||
| 041 |
_aBUL _cBUL |
||
| 080 |
_aФренска литература _b821.133.1 _x(081) _z821.133.1(081) |
||
| 080 |
_aФренска литература _b821.133.1 _x-31 _z821.133.1-31 |
||
| 080 |
_aФренска литература _b821.133.1 _x-32 _z821.133.1-32 |
||
| 100 | 1 |
_aБалзак, Оноре дьо _eпърви автор _9376104 |
|
| 139 |
_aБалзак, Оноре дьо _bБ 22 |
||
| 245 | 1 | 0 |
_aИзбрани творби _bВ 10 т. _cОноре дьо Балзак; предг. от Христо Тодоров; прев. на том Дора Попова. _nТ. 5 _pЕпизод от времето на терора и др. |
| 257 | _aFRA | ||
| 260 |
_bНар. култура _c1983 - _aСофия |
||
| 300 | _c21 см | ||
| 380 | _aX | ||
| 500 | _aДруги ред. : Л. Стефанова, П. Пройкова. - 100 125 тир. | ||
| 700 | 1 |
_aТодоров, Христо _eпредг. от _9364806 |
|
| 700 | 1 |
_aПопова, Дора _eпрев. на том _9365127 |
|
| 760 | 1 |
_aБалзак, Оноре дьо _d1984 _h485 с. _nОриг. загл. Un episode sous la terreur ; Les petits bourgeois ; Une tenebreuse affaire ; Z. Marcas / Balzac. - Съдържа и Дребни буржоа, Една тъмна афера, З. Маркас. _tТ. 5 Епизод от времето на терора и др. |
|
| 852 |
_aЦб 120854 _bЦб |
||
| 942 |
_cKNG _n0 _01 _s1 |
||
| 944 |
_aCR _c11.05.2012 _l11.05.2012 - от С1,Р / 11.05.2012 _kВиолета_Тройчева |
||
| 944 |
_aED _c20.02.2018 _l11.05.2012 - от С1,Р / 11.05.2012 _kКети_Илиева |
||
| 999 | _d124814 | ||